000 004240000a22001810004500
003 MACL
005 20151219124814.0
008 151219b xxu||||| |||| 00| 0 eng d
040 _aMACL
_cMACL
041 _aEnglish
082 _a330.54/JAN
100 _aJangir, G C
_921272
245 _aIndian Economy
260 _bAtma Ram & Sons
_c1963
350 _a14
650 _aEconomics
_921273
942 _cBK
_k330.54/JAN
_2ddc
999 _c40790
_d40790